Finančná štruktúra dcérskych spoločností

Optimálna kapitálová štruktúra medzinárodných spoločností. Diverzifikácia cash flow. Očakávania medzinárodných portfóliových investorov. Finančná štruktúra dcérskych spoločností.

Salvato in:
Dettagli Bibliografici
Autore principale: Polednáková, Anna, 1957-
Natura: Capitolo di libro
Lingua:slovacco
Soggetti:
Tags: Aggiungi Tag
Nessun Tag, puoi essere il primo ad aggiungerne!!

MARC

LEADER 00000naa$a2200000$$$4500
001 0111176
005 20240605112654.0
041 0 |a slo 
044 |a SK 
245 1 0 |a Finančná štruktúra dcérskych spoločností  |c Anna Polednáková 
520 |a Optimálna kapitálová štruktúra medzinárodných spoločností. Diverzifikácia cash flow. Očakávania medzinárodných portfóliových investorov. Finančná štruktúra dcérskych spoločností. 
610 2 0 |a financie 
610 2 0 |a kapitál 
610 2 0 |a štruktúra kapitálová 
610 2 0 |a cash flow 
610 2 0 |a diverzifikácia 
610 2 0 |a mena 
610 2 0 |a riziko 
610 2 0 |a spoločnosti nadnárodné 
610 2 0 |a spoločnosti dcérske 
610 2 0 |a spoločnosti materské 
100 1 |a Polednáková, Anna, 1957-